The Cambridge companion to Habermas (Record no. 301861)

MARC details
000 -LEADER
fixed length control field 00627nam a2200205Ia 4500
008 - FIXED-LENGTH DATA ELEMENTS--GENERAL INFORMATION
fixed length control field 191130s1995##################000#0#eng##
020 ## - INTERNATIONAL STANDARD BOOK NUMBER
ISBN 9780521441209
082 ## - DEWEY DECIMAL CLASSIFICATION NUMBER
Classification number 193 WHI
245 ## - TITLE STATEMENT
Title The Cambridge companion to Habermas
Statement of responsibility, etc edited by Stephen K. White
260 ## - PUBLICATION, DISTRIBUTION, ETC. (IMPRINT)
Place of publication Cambridge
Name of publisher Cambridge University Press
Year of publication 1995
300 ## - PHYSICAL DESCRIPTION
Number of Pages ix, 354 p. ; 23 cm.
500 ## - GENERAL NOTE
General note Includes bibliographical references (p. 325-340) and index
650 ## - SUBJECT ADDED ENTRY--TOPICAL TERM
Topical Term Habermas, Jürgen
700 ## - ADDED ENTRY--PERSONAL NAME
Personal name White, Stephen K
991 ## -
-- 252168
Holdings
Withdrawn status Lost status Damaged status Not for loan Home library Current library Shelving location Date acquired Full call number Accession Number Price effective from Koha item type
        Anna Centenary Library Anna Centenary Library 3RD FLOOR, A WING 15.10.2020 193 WHI 239839 15.10.2020 English Books

Find us on the map